000 00360nam a2200157Ia 4500
008 230524s9999 xx 000 0 und d
082 _a4
_bMON
100 _aAnum Monappa
245 0 _aPersonal Management
250 _a2ND
260 _aNEW DELHI
_bTMH
_c2000
300 _aVIII;416
500 _aQuantity Number: 7
650 _aManagement
942 _cBK
999 _c19763
_d19763